000 00325nam a22001337a 4500
008 170627b xxu||||| |||| 00| 0 eng d
020 _a9780691119960
041 _aeng
080 _a82
100 _a21
101 _aGJL
245 _aA MIRROR IN THE ROADWAY/ LITERATURE AND THE REAL WORLD
_cDICKSTEIN, M
942 _2udc
_cBK
999 _c19203
_d19203